Gandhi's campaign against untouchability, 1933-34 : (Record no. 126705)
[ view plain ]
| 000 -LEADER | |
|---|---|
| fixed length control field | 00767nam a22002297a 4500 |
| 005 - DATE AND TIME OF LATEST TRANSACTION | |
| control field | 20170124110013.0 |
| 010 ## - LIBRARY OF CONGRESS CONTROL NUMBER | |
| LC control number | A-893732 |
| 020 ## - INTERNATIONAL STANDARD BOOK NUMBER | |
| Terms of availability | 295.00 |
| International Standard Book Number | 8185411107 |
| 035 ## - SYSTEM CONTROL NUMBER | |
| System control number | A-893732 |
| 037 ## - SOURCE OF ACQUISITION | |
| Source of stock number/acquisition | Cen Lib/Ret |
| 040 ## - CATALOGING SOURCE | |
| Original cataloging agency | DPL |
| Language of cataloging | EN |
| 082 ## - DEWEY DECIMAL CLASSIFICATION NUMBER | |
| Classification number | 301.153 |
| Item number | RAY |
| 245 ## - TITLE STATEMENT | |
| Title | Gandhi's campaign against untouchability, 1933-34 : |
| Statement of responsibility, etc | edited by Baren Ray |
| Remainder of title | an account from the Raj's secret official reports / |
| 246 ## - VARYING FORM OF TITLE | |
| Remainder of title | |
| 260 ## - PUBLICATION, DISTRIBUTION, ETC. (IMPRINT) | |
| Place of publication, distribution, etc | New Delhi |
| Name of publisher, distributor, etc | Gandhi Peace Foundation |
| Date of publication, distribution, etc | 1996 |
| 270 ## - ADDRESS | |
| Address | 221-223, Deen Dayal Upadhyaya Marg |
| City | New Delhi |
| Postal code | 110002 |
| 300 ## - PHYSICAL DESCRIPTION | |
| Extent | 254p. |
| Dimensions | 22cm(Hb) |
| 650 ## - SUBJECT ADDED ENTRY--TOPICAL TERM | |
| Topical term or geographic name as entry element | Dalits--Social conditions |
| 9 (RLIN) | 7271 |
| 650 ## - SUBJECT ADDED ENTRY--TOPICAL TERM | |
| Topical term or geographic name as entry element | Indic literature--Dalit authors |
| 9 (RLIN) | 18250 |
| 700 ## - ADDED ENTRY--PERSONAL NAME | |
| Personal name | Ray, Baren |
| 9 (RLIN) | 18251 |
| 942 ## - ADDED ENTRY ELEMENTS (KOHA) | |
| Source of classification or shelving scheme | Dewey Decimal Classification |
| Koha item type | English Books |
| Classification part | 301.153 |
| Call number suffix | RAY |
| Withdrawn status | Lost status | Damaged status | Not for loan | Home library | Current library | Date acquired | Source of acquisition | Cost, normal purchase price | Total Checkouts | Full call number | Barcode | Date last seen | Copy number | Cost, replacement price | Price effective from | Koha item type |
|---|---|---|---|---|---|---|---|---|---|---|---|---|---|---|---|---|
| Central Library | Central Library | 26/06/2015 | Cen Lib/Ret | 295.00 | 301.153 RAY | A-893732 | 26/06/2015 | 1 | 295.00 | 26/06/2015 | English Books |
